Quiz sulla Giordania - Statistics

Statistiche generali
  • Questo quiz è stato fatto 475 volte
  • Il punteggio medio è 14 su 23
Statistiche sulle risposte
Clue Risposta % Corretto
Paesi confinanti Israele
98%
Lingua ufficiale Arabo
97%
Paesi confinanti Siria
94%
Paesi confinanti Arabia Saudita
93%
Paesi confinanti Iraq
93%
Capitale Amman
90%
Mare che bagna la Giordania Mar Rosso
83%
Il nome Giordania deriva da un ... Fiume
82%
Mare interno che è la depressione più profonda della Terra Mar Morto
81%
Antica città i cui resti sono considerati una delle meraviglie del mondo moderno Petra
79%
La Giordania fu un protettorato di questo Paese dal 1921 al 1946 Regno Unito
77%
Salsa di ceci spesso servita con pita Hummus
61%
Il particolare colore della sua sabbia ricorda molto la superficie di... Marte
59%
Moneta Dinaro
57%
Antico nome della regione {Trans}giordania
51%
Regione di cui la Giordania fa parte L{evante}
43%
Città posta sulla costa Aqaba
39%
Attuale regina consorte Rania Al-Yassin
39%
Attuale monarca Abdullah II
30%
Precedente re dal 1952 al 1999 Hussein
28%
Area desertica situata nel sud della Giordania Wadi Rum
26%
Questa città fu la capitale di questo regno Nabatei
23%
Nome ufficiale della Giordania Regno {Hascemita} di Giordania
20%
Nessun quiz corrispondente trovato
Distribuzione punteggi
Percentuale di utenti per punteggio
Percentile per numero di risposta
I tuoi punteggi nel tempo
Non hai fatto questo quiz